000 00481nam a2200181Ia 4500
003 GCL
008 140319s9999 xx 000 0 eng d
040 _aGCL /
_cGCL
082 0 4 _a370.285416
_bE F
100 1 _aEVANS, NICK
245 1 0 _aTHE FUTURE OF THE MICROCOMPUTER IN SCHOOLS /
_cEVANS, NICK
260 _a[S.N] :
_bMACMILLAN AND CO. LTD ،
_c1986
300 _a197 P
650 0 4 _aEDUCATION
650 0 4 _aDATA PROCESSING
650 0 4 _aMICRO COMPUTERS
942 _2ddc
_cBK
999 _c24521
_d24521